Spanish 5000 # 35 - Verbs (Bonus #2) - Statistics

General Stats
  • This quiz has been taken 15 times
  • The average score is 18 of 132
Answer Stats
English Spanish % Correct
To commercialize, To market Comercializar
100%
To conjugate Conjugar
100%
To demolish Demoler
100%
To distance Distanciar
100%
To button Abotonar
50%
To check Chequear
50%
To limp Cojear
50%
To season, To spice Condimentar
50%
To corrupt Corromper
50%
To diversify Diversificar
50%
To stuff (sausage) Embutir
50%
To falsify, To forge Falsificar
50%
To fluctuate Fluctuar
50%
To generalize Generalizar
50%
To smoke, To reek Humear
50%
To bark Ladrar
50%
To maneuver Maniobrar
50%
To marinate Marinar
50%
To wave, To ripple Ondular
50%
To blink Parpadear
50%
To peel, To skin Pelar
50%
To iron Planchar
50%
To procrastinate Procrastinar
50%
To rage, To be furious Rabiar
50%
To scold Regañar
50%
To remodel Remodelar
50%
To rescue Rescatar
50%
To whistle Silbar
50%
To underestimate Subestimar
50%
To tolerate Tolerar
50%
To address as "tú" Tutear
50%
To fasten, To buckle Abrochar
0%
To overtake, To advance Adelantar
0%
To take possession of Adueñarse
0%
To become fond of Aficionar
0%
To agitate, To disturb Alborotar
0%
To breastfeed Amamantar
0%
To knead Amasar
0%
To crave Antojar
0%
To appease, To calm Aplacar
0%
To postpone Aplazar
0%
To rent, To lease Arrendar
0%
To move closer Arrimar
0%
To lull, To coo Arrullar
0%
To roast, To grill Asar
0%
To stun, To daze Aturdir
0%
To howl Aullar
0%
To jump Brincar
0%
To ride (a horse) Cabalgar
0%
To swap, To barter Cambalachar
0%
To dig Cavar
0%
To whistle Chiflar
0%
To scream, To shriek Chillar
0%
To spoil, To pamper Chiquear
0%
To appear (in court) Comparecer
0%
To agree, To reconcile Concordar
0%
To finance, To pay for Costear
0%
To advise against Desaconsejar
0%
To drain Desaguar
0%
To vent, To relieve Desahogar
0%
To unhook, To pick up (phone) Descolgar
0%
To uncross Descruzar
0%
To unplug Desenchufar
0%
To wear down Desgastar
0%
To faint Desmayar
0%
To unscrew Destornillar
0%
To reveal, To keep awake Desvelar
0%
To bottle Embotellar
0%
To become fond of Encariñar
0%
To bind (a book) Encuadernar
0%
To straighten Enderezar
0%
To muddy Enlodar
0%
To mask Enmascarar
0%
To make proud Enorgullecer
0%
To screw on, To twist Enroscar
0%
To widen Ensanchar
0%
To intermingle Entremezclar
0%
To sadden Entristecer
0%
To poison Envenenar
0%
To sketch, To outline Esbozar
0%
To swindle, To scam Estafar
0%
To excavate, To dig Excavar
0%
To weaken, To falter Flaquear
0%
To clear, To pay postage Franquear
0%
To pucker, To frown Fruncir
0%
To gargle Gargarizar
0%
To drip Gotear
0%
To growl, To grunt Gruñir
0%
To swell, To bloat Hinchar
0%
To leaf through Hojear
0%
To standardize, To approve Homologar
0%
To host, To lodge Hospedar
0%
To equalize, To match Igualar
0%
To set on fire Incendiar
0%
To inflate Inflar
0%
To interfere Interferir
0%
To pull Jalar
0%
To lick Lamer
0%
To master, To plaster Maestrear
0%
To masturbate Masturbar
0%
To wane, To decrease Menguar
0%
To pamper, To spoil Mimar
0%
To scan, To keep watch Otear
0%
To wind into a ball Ovillar
0%
To apply, To nominate Postular
0%
To break, To violate Quebrantar
0%
To kidnap, To abduct Raptar
0%
To shave Rasurar
0%
To redirect Redirigir
0%
To grumble, To mutter Refunfuñar
0%
To avoid, To shun Rehuir
0%
To neigh, To whinny Relinchar
0%
To shine, To dazzle Relumbrar
0%
To mend, To patch Remendar
0%
To drum, To patter Repiquetear
0%
To spray, To sprinkle Rociar
0%
To savor, To taste Saborear
0%
To take a nap Sestear
0%
To tune in Sintonizar
0%
To blush Sonrojar
0%
To overlap, To superimpose Superponer
0%
To stagger, To wobble Tambalear
0%
To upholster Tapizar
0%
To twinkle, To flicker Titilar
0%
To mop Trapear
0%
To shear, To clip Trasquilar
0%
To braid Trenzar
0%
To exchange, To barter Trocar
0%
To take turns Turnar
0%
To spread, To smear Untar
0%
To be urgent, To urge Urgir
0%
To glimpse, To discern Vislumbrar
0%
No matching quizzes found
Score Distribution
Percent of People with Each Score
Percentile by Number Answered
Your Score History
You have not taken this quiz